<?xml version="1.0" encoding="UTF-8"?>
<record
    xmlns:xsi="http://www.w3.org/2001/XMLSchema-instance"
    xsi:schemaLocation="http://www.loc.gov/MARC21/slim http://www.loc.gov/standards/marcxml/schema/MARC21slim.xsd"
    xmlns="http://www.loc.gov/MARC21/slim">

  <leader>01903nam a22003017a 4500</leader>
  <controlfield tag="005">20220222161726.0</controlfield>
  <controlfield tag="008">220222b           ||||| |||| 00| 0 eng d</controlfield>
  <datafield tag="020" ind1=" " ind2=" ">
    <subfield code="a">9789352027217</subfield>
  </datafield>
  <datafield tag="040" ind1=" " ind2=" ">
    <subfield code="c">Aloy</subfield>
  </datafield>
  <datafield tag="041" ind1=" " ind2=" ">
    <subfield code="a">eng</subfield>
  </datafield>
  <datafield tag="082" ind1=" " ind2=" ">
    <subfield code="2">23</subfield>
    <subfield code="a">510.2433</subfield>
    <subfield code="b">BOSI</subfield>
  </datafield>
  <datafield tag="100" ind1=" " ind2=" ">
    <subfield code="a">D Bose</subfield>
    <subfield code="9">21526</subfield>
  </datafield>
  <datafield tag="245" ind1=" " ind2=" ">
    <subfield code="a">Introduction to Mathematical Economics</subfield>
  </datafield>
  <datafield tag="260" ind1=" " ind2=" ">
    <subfield code="a">Mumbai</subfield>
    <subfield code="b">Himalaya Publishing House</subfield>
    <subfield code="c">2022</subfield>
  </datafield>
  <datafield tag="300" ind1=" " ind2=" ">
    <subfield code="a">xiv,476 p.</subfield>
    <subfield code="b">PB</subfield>
    <subfield code="c">21x14 cm.</subfield>
  </datafield>
  <datafield tag="365" ind1=" " ind2=" ">
    <subfield code="2">Economics</subfield>
    <subfield code="a">5987</subfield>
    <subfield code="b">300.00</subfield>
    <subfield code="c">&#x20B9;</subfield>
    <subfield code="d">375.00</subfield>
    <subfield code="e">20%</subfield>
    <subfield code="f">21-02-2022</subfield>
  </datafield>
  <datafield tag="520" ind1=" " ind2=" ">
    <subfield code="a">It is now generally accepted by all that the study of Economics is incomplete without knowledge of Mathematics. There are many excellent text book on Mathematical Economics written by Foreign as well as Indian author. However, most of these books are above the stander of an average students. Hence this book is mainly written for the beginners. This book is the outcome of my own actual classroom experience. The main aim in writing this book is precise and concise exposition of the principles, method and techniques of Mathematics. Another main objective of the book is the lucid style and simplicity of expression. Solved examples are added at the end of each chapter to make the students familiar with the subject.
Contents -
1. Introduction
2. Elementary Algebra
3. Differential Calculus
4. Theory of Consumer Behaviour
5. Theory of Firm's Behaviour
6. Theory of Cost and Revenue
7. Integral Calculus
8. Set Theory
9. Matrices
10. Differential and Difference Equations
11. Economics Models
Appendices</subfield>
  </datafield>
  <datafield tag="650" ind1=" " ind2=" ">
    <subfield code="a">Mathematical Economics</subfield>
    <subfield code="9">21482</subfield>
  </datafield>
  <datafield tag="650" ind1=" " ind2=" ">
    <subfield code="a">Algebra</subfield>
    <subfield code="9">21483</subfield>
  </datafield>
  <datafield tag="650" ind1=" " ind2=" ">
    <subfield code="a">Differential Calculus</subfield>
    <subfield code="9">21484</subfield>
  </datafield>
  <datafield tag="650" ind1=" " ind2=" ">
    <subfield code="a">Consumer Behaviour</subfield>
    <subfield code="9">21485</subfield>
  </datafield>
  <datafield tag="650" ind1=" " ind2=" ">
    <subfield code="a">Set Theory</subfield>
    <subfield code="9">21486</subfield>
  </datafield>
  <datafield tag="650" ind1=" " ind2=" ">
    <subfield code="a">Matrices</subfield>
    <subfield code="9">21487</subfield>
  </datafield>
  <datafield tag="650" ind1=" " ind2=" ">
    <subfield code="a">Economic Models</subfield>
    <subfield code="9">21488</subfield>
  </datafield>
  <datafield tag="650" ind1=" " ind2=" ">
    <subfield code="a">Difference Equations</subfield>
    <subfield code="9">21489</subfield>
  </datafield>
  <datafield tag="700" ind1=" " ind2=" ">
    <subfield code="a">BOSE (D)</subfield>
    <subfield code="9">21490</subfield>
  </datafield>
  <datafield tag="942" ind1=" " ind2=" ">
    <subfield code="2">ddc</subfield>
    <subfield code="c">BK</subfield>
  </datafield>
  <datafield tag="999" ind1=" " ind2=" ">
    <subfield code="c">221577</subfield>
    <subfield code="d">221577</subfield>
  </datafield>
  <datafield tag="952" ind1=" " ind2=" ">
    <subfield code="0">0</subfield>
    <subfield code="1">0</subfield>
    <subfield code="2">ddc</subfield>
    <subfield code="4">0</subfield>
    <subfield code="7">0</subfield>
    <subfield code="8">ECO</subfield>
    <subfield code="a">AL</subfield>
    <subfield code="b">AL</subfield>
    <subfield code="d">2022-02-22</subfield>
    <subfield code="e">Biblios Book Point, Suarthkal, Mangalore-575014</subfield>
    <subfield code="g">300.00</subfield>
    <subfield code="l">9</subfield>
    <subfield code="m">1</subfield>
    <subfield code="o">510.2433 BOSI</subfield>
    <subfield code="p">075479</subfield>
    <subfield code="r">2023-04-17 00:00:00</subfield>
    <subfield code="s">2023-04-08</subfield>
    <subfield code="v">375.00</subfield>
    <subfield code="w">2022-02-22</subfield>
    <subfield code="y">BK</subfield>
  </datafield>
  <datafield tag="952" ind1=" " ind2=" ">
    <subfield code="0">0</subfield>
    <subfield code="1">0</subfield>
    <subfield code="2">ddc</subfield>
    <subfield code="4">0</subfield>
    <subfield code="7">0</subfield>
    <subfield code="8">ECO</subfield>
    <subfield code="a">AL</subfield>
    <subfield code="b">AL</subfield>
    <subfield code="d">2022-02-22</subfield>
    <subfield code="e">Biblios Book Point, Surathkal, Mangaluru-575014</subfield>
    <subfield code="g">300.00</subfield>
    <subfield code="l">3</subfield>
    <subfield code="o">510.2433 BOSI</subfield>
    <subfield code="p">075480</subfield>
    <subfield code="r">2023-04-12 00:00:00</subfield>
    <subfield code="s">2023-04-03</subfield>
    <subfield code="v">375.00</subfield>
    <subfield code="w">2022-02-22</subfield>
    <subfield code="y">BK</subfield>
  </datafield>
</record>
